Statistiques concernant Les villages jurassiens (CH)

Cliquez ici pour prendre le quiz!

Statistiques générales

  • Ce quiz a été pris 4 fois
    (2 depuis la dernière actualisation)
  • Le résultat moyen est 13 sur 92

Statistiques - réponses

Villages % Correct
Delémont
100%
Porrentruy
100%
Courtedoux
50%
Courtemautruy
50%
Courgenay
50%
Saint-Ursanne
50%
Saignelégier
50%
Damvant
50%
Miécourt
50%
Grandfontaine
50%
Fontenais
50%
Fahy
50%
Cornol
50%
Alle
50%
Rocourt
50%
Bonfol
50%
Bressaucourt
50%
Buix
50%
Boécourt
50%
Beurnevésin
50%
Villars
50%
Bassecourt
50%
Bure
50%
Boncourt
50%
Soubey
0%
Montmelon
0%
Montfaucon
0%
Montsevelier
0%
Movelier
0%
Vicques
0%
Montignez
0%
Montenol
0%
Lugnez
0%
Lucelle
0%
Mervelier
0%
Mettemberg
0%
Montavon
0%
Soulce
0%
Muriaux
0%
Undervelier
0%
Roche d'Or
0%
Réclère
0%
Vellerat
0%
Les Rangiers
0%
Rossemaison
0%
Vermes
0%
Vendlincourt
0%
Saulcy
0%
Ocourt
0%
Seulete
0%
Pleigne
0%
Pleujouse
0%
Rebeuvelier
0%
Soyhières
0%
Saint-Brais
0%
Le Boéchet
0%
Courchavon
0%
Courchapoix
0%
Courcelon
0%
Courfaivre
0%
Courrendlin
0%
Courtételle
0%
Courtemaiche
0%
Courroux
0%
Corban
0%
Coeuve
0%
Bourrignon
0%
Berlincourt
0%
Asuel
0%
Charmoille
0%
Châtillon
0%
Choindez
0%
Chevenez
0%
Damphreux
0%
Develier
0%
Les Emibois
0%
La Chaux-des-Breuleux
0%
Les Breuleux
0%
Les Enfers
0%
Les Genevez
0%
Le Peuchapatte
0%
Le Noirmont
0%
Les Bois
0%
Le Bémont
0%
Epauvillers
0%
Ederswiler
0%
Develier Dessus
0%
Epiquerez
0%
Fregiécourt
0%
Lajoux
0%
Glovelier
0%
Les Pommerats
0%

Distribution des résultats

Percentile by Number Answered

% des personnes avec chaque résultat

Votre développement - résultats

Vous n’avez pas pris ce quiz depuis la dernière actualisation